<?xml version="1.0" encoding="UTF-8"?>
<record
    xmlns:xsi="http://www.w3.org/2001/XMLSchema-instance"
    xsi:schemaLocation="http://www.loc.gov/MARC21/slim http://www.loc.gov/standards/marcxml/schema/MARC21slim.xsd"
    xmlns="http://www.loc.gov/MARC21/slim">

  <leader>02860    a2200289   4500</leader>
  <controlfield tag="003">NALT</controlfield>
  <controlfield tag="005">20250616104043.0</controlfield>
  <controlfield tag="008">240319b        th ||||| |||| 00| 0 tha d</controlfield>
  <datafield tag="020" ind1=" " ind2=" ">
    <subfield code="a">9786162605406</subfield>
  </datafield>
  <datafield tag="040" ind1=" " ind2=" ">
    <subfield code="a">NALT</subfield>
  </datafield>
  <datafield tag="090" ind1=" " ind2=" ">
    <subfield code="a">KI 22</subfield>
    <subfield code="b">&#xE01;117 2566</subfield>
  </datafield>
  <datafield tag="245" ind1="0" ind2="0">
    <subfield code="a">&#xE01;&#xE0E;&#xE2B;&#xE21;&#xE32;&#xE22;&#xE20;&#xE32;&#xE29;&#xE35;&#xE2D;&#xE32;&#xE01;&#xE23;&#xE41;&#xE25;&#xE30;&#xE1B;&#xE23;&#xE30;&#xE21;&#xE27;&#xE25;&#xE23;&#xE31;&#xE29;&#xE0E;&#xE32;&#xE01;&#xE23; :</subfield>
    <subfield code="b">&#xE1E;&#xE23;&#xE30;&#xE23;&#xE32;&#xE0A;&#xE1A;&#xE31;&#xE0D;&#xE0D;&#xE31;&#xE15;&#xE34;&#xE08;&#xE31;&#xE14;&#xE15;&#xE31;&#xE49;&#xE07;&#xE28;&#xE32;&#xE25;&#xE20;&#xE32;&#xE29;&#xE35;&#xE2D;&#xE32;&#xE01;&#xE23; &#xE41;&#xE25;&#xE30;&#xE27;&#xE34;&#xE18;&#xE35;&#xE1E;&#xE34;&#xE08;&#xE32;&#xE23;&#xE13;&#xE32;&#xE04;&#xE14;&#xE35;&#xE20;&#xE32;&#xE29;&#xE35;&#xE2D;&#xE32;&#xE01;&#xE23; &#xE1E;.&#xE28;. 2528 &#xE02;&#xE49;&#xE2D;&#xE01;&#xE33;&#xE2B;&#xE19;&#xE14;&#xE04;&#xE14;&#xE35;&#xE20;&#xE32;&#xE29;&#xE35;&#xE2D;&#xE32;&#xE01;&#xE23; &#xE1E;.&#xE28;. 2544 &#xE01;&#xE0E;&#xE01;&#xE23;&#xE30;&#xE17;&#xE23;&#xE27;&#xE07; &#xE1E;&#xE23;&#xE30;&#xE23;&#xE32;&#xE0A;&#xE01;&#xE24;&#xE29;&#xE0E;&#xE35;&#xE01;&#xE32;&#xE41;&#xE25;&#xE30;&#xE04;&#xE33;&#xE2A;&#xE31;&#xE48;&#xE07;&#xE01;&#xE23;&#xE21;&#xE2A;&#xE23;&#xE23;&#xE1E;&#xE32;&#xE01;&#xE23; &#xE1E;&#xE23;&#xE49;&#xE2D;&#xE21;&#xE1E;&#xE23;&#xE30;&#xE23;&#xE32;&#xE0A;&#xE1A;&#xE31;&#xE0D;&#xE0D;&#xE31;&#xE15;&#xE34;&#xE20;&#xE32;&#xE29;&#xE35;&#xE01;&#xE32;&#xE23;&#xE23;&#xE31;&#xE1A;&#xE21;&#xE23;&#xE14;&#xE01; &#xE1E;.&#xE28;. 2558 &#xE1E;&#xE23;&#xE30;&#xE23;&#xE32;&#xE0A;&#xE01;&#xE24;&#xE29;&#xE0E;&#xE35;&#xE01;&#xE32; &#xE41;&#xE25;&#xE30;&#xE01;&#xE0E;&#xE01;&#xE23;&#xE30;&#xE17;&#xE23;&#xE27;&#xE07;&#xE17;&#xE35;&#xE48;&#xE40;&#xE01;&#xE35;&#xE48;&#xE22;&#xE27;&#xE02;&#xE49;&#xE2D;&#xE07; /</subfield>
    <subfield code="c">&#xE04;&#xE13;&#xE30;&#xE27;&#xE34;&#xE0A;&#xE32;&#xE01;&#xE32;&#xE23; The Justice Group. </subfield>
  </datafield>
  <datafield tag="246" ind1="1" ind2="8">
    <subfield code="a">&#xE01;&#xE0E;&#xE2B;&#xE21;&#xE32;&#xE22;&#xE20;&#xE32;&#xE29;&#xE35;&#xE2D;&#xE32;&#xE01;&#xE23;&#xE41;&#xE25;&#xE30;&#xE1B;&#xE23;&#xE30;&#xE21;&#xE27;&#xE25;&#xE23;&#xE31;&#xE29;&#xE0E;&#xE32;&#xE01;&#xE23; &#xE41;&#xE01;&#xE49;&#xE44;&#xE02;&#xE40;&#xE1E;&#xE34;&#xE48;&#xE21;&#xE40;&#xE15;&#xE34;&#xE21;&#xE43;&#xE2B;&#xE21;&#xE48;&#xE25;&#xE48;&#xE32;&#xE2A;&#xE38;&#xE14; &#xE1E;.&#xE28;.2566.</subfield>
  </datafield>
  <datafield tag="250" ind1=" " ind2=" ">
    <subfield code="a">&#xE1E;&#xE34;&#xE21;&#xE1E;&#xE4C;&#xE04;&#xE23;&#xE31;&#xE49;&#xE07;&#xE17;&#xE35;&#xE48; 1 &#xE41;&#xE01;&#xE49;&#xE44;&#xE02;&#xE40;&#xE1E;&#xE34;&#xE48;&#xE21;&#xE40;&#xE15;&#xE34;&#xE21;&#xE43;&#xE2B;&#xE21;&#xE48;&#xE25;&#xE48;&#xE32;&#xE2A;&#xE38;&#xE14; &#xE1E;.&#xE28;. 2566.</subfield>
  </datafield>
  <datafield tag="260" ind1=" " ind2=" ">
    <subfield code="a">&#xE01;&#xE23;&#xE38;&#xE07;&#xE40;&#xE17;&#xE1E;&#xE2F; :</subfield>
    <subfield code="b">&#xE1E;&#xE34;&#xE21;&#xE1E;&#xE4C;&#xE2D;&#xE31;&#xE01;&#xE29;&#xE23;,</subfield>
    <subfield code="c">2566.</subfield>
  </datafield>
  <datafield tag="300" ind1=" " ind2=" ">
    <subfield code="a">538 &#xE2B;&#xE19;&#xE49;&#xE32; ;</subfield>
    <subfield code="c">21 &#xE0B;&#xE21;.</subfield>
  </datafield>
  <datafield tag="505" ind1="2" ind2=" ">
    <subfield code="a">&#xE1E;&#xE23;&#xE30;&#xE23;&#xE32;&#xE0A;&#xE1A;&#xE31;&#xE0D;&#xE0D;&#xE31;&#xE15;&#xE34;&#xE43;&#xE2B;&#xE49;&#xE43;&#xE0A;&#xE49;&#xE1A;&#xE17;&#xE1A;&#xE31;&#xE0D;&#xE0D;&#xE31;&#xE15;&#xE34;&#xE41;&#xE2B;&#xE48;&#xE07;&#xE1B;&#xE23;&#xE30;&#xE21;&#xE27;&#xE25;&#xE23;&#xE31;&#xE29;&#xE0E;&#xE32;&#xE01;&#xE23; &#xE1E;&#xE38;&#xE17;&#xE18;&#xE28;&#xE31;&#xE01;&#xE23;&#xE32;&#xE0A; 2481 -- &#xE1B;&#xE23;&#xE30;&#xE21;&#xE27;&#xE25;&#xE23;&#xE31;&#xE29;&#xE0E;&#xE32;&#xE01;&#xE23; -- &#xE1E;&#xE23;&#xE30;&#xE23;&#xE32;&#xE0A;&#xE1A;&#xE31;&#xE0D;&#xE0D;&#xE31;&#xE15;&#xE34;&#xE08;&#xE31;&#xE14;&#xE15;&#xE31;&#xE49;&#xE07;&#xE28;&#xE32;&#xE25;&#xE20;&#xE32;&#xE29;&#xE35;&#xE2D;&#xE32;&#xE01;&#xE23;&#xE41;&#xE25;&#xE30;&#xE27;&#xE34;&#xE18;&#xE35;&#xE1E;&#xE34;&#xE08;&#xE32;&#xE23;&#xE13;&#xE32;&#xE04;&#xE14;&#xE35;&#xE20;&#xE32;&#xE29;&#xE35;&#xE2D;&#xE32;&#xE01;&#xE23; &#xE1E;.&#xE28;. 2528 -- &#xE1E;&#xE23;&#xE30;&#xE23;&#xE32;&#xE0A;&#xE1A;&#xE31;&#xE0D;&#xE0D;&#xE31;&#xE15;&#xE34;&#xE20;&#xE32;&#xE29;&#xE35;&#xE01;&#xE32;&#xE23;&#xE23;&#xE31;&#xE1A;&#xE21;&#xE23;&#xE14;&#xE01; &#xE1E;.&#xE28;. 2558 -- &#xE1E;&#xE23;&#xE30;&#xE23;&#xE32;&#xE0A;&#xE01;&#xE24;&#xE0E;&#xE35;&#xE01;&#xE32;&#xE41;&#xE25;&#xE30;&#xE01;&#xE0E;&#xE01;&#xE23;&#xE30;&#xE17;&#xE23;&#xE27;&#xE07;&#xE17;&#xE35;&#xE48;&#xE40;&#xE01;&#xE35;&#xE48;&#xE22;&#xE27;&#xE02;&#xE49;&#xE2D;&#xE07;.</subfield>
  </datafield>
  <datafield tag="650" ind1=" " ind2="4">
    <subfield code="a">&#xE20;&#xE32;&#xE29;&#xE35;&#xE21;&#xE23;&#xE14;&#xE01; </subfield>
    <subfield code="x">&#xE01;&#xE0E;&#xE2B;&#xE21;&#xE32;&#xE22;&#xE41;&#xE25;&#xE30;&#xE23;&#xE30;&#xE40;&#xE1A;&#xE35;&#xE22;&#xE1A;&#xE02;&#xE49;&#xE2D;&#xE1A;&#xE31;&#xE07;&#xE04;&#xE31;&#xE1A;</subfield>
    <subfield code="9">19161</subfield>
  </datafield>
  <datafield tag="650" ind1=" " ind2="4">
    <subfield code="a">&#xE20;&#xE32;&#xE29;&#xE35;&#xE21;&#xE23;&#xE14;&#xE01;</subfield>
    <subfield code="9">13880</subfield>
  </datafield>
  <datafield tag="650" ind1=" " ind2="4">
    <subfield code="a">&#xE01;&#xE0E;&#xE2B;&#xE21;&#xE32;&#xE22;&#xE23;&#xE31;&#xE29;&#xE0E;&#xE32;&#xE01;&#xE23;</subfield>
    <subfield code="9">3157</subfield>
  </datafield>
  <datafield tag="650" ind1=" " ind2="4">
    <subfield code="a">&#xE20;&#xE32;&#xE29;&#xE35;</subfield>
    <subfield code="x">&#xE01;&#xE0E;&#xE2B;&#xE21;&#xE32;&#xE22;&#xE41;&#xE25;&#xE30;&#xE23;&#xE30;&#xE40;&#xE1A;&#xE35;&#xE22;&#xE1A;&#xE02;&#xE49;&#xE2D;&#xE1A;&#xE31;&#xE07;&#xE04;&#xE31;&#xE1A;</subfield>
    <subfield code="9">14501</subfield>
  </datafield>
  <datafield tag="650" ind1=" " ind2="4">
    <subfield code="a">&#xE2D;&#xE32;&#xE01;&#xE23;</subfield>
    <subfield code="x">&#xE01;&#xE0E;&#xE2B;&#xE21;&#xE32;&#xE22;&#xE41;&#xE25;&#xE30;&#xE23;&#xE30;&#xE40;&#xE1A;&#xE35;&#xE22;&#xE1A;&#xE02;&#xE49;&#xE2D;&#xE1A;&#xE31;&#xE07;&#xE04;&#xE31;&#xE1A;</subfield>
    <subfield code="9">53708</subfield>
  </datafield>
  <datafield tag="650" ind1=" " ind2="4">
    <subfield code="a">&#xE2D;&#xE32;&#xE01;&#xE23;&#xE41;&#xE2A;&#xE15;&#xE21;&#xE1B;&#xE4C;</subfield>
    <subfield code="x">&#xE01;&#xE0E;&#xE2B;&#xE21;&#xE32;&#xE22;&#xE41;&#xE25;&#xE30;&#xE23;&#xE30;&#xE40;&#xE1A;&#xE35;&#xE22;&#xE1A;&#xE02;&#xE49;&#xE2D;&#xE1A;&#xE31;&#xE07;&#xE04;&#xE31;&#xE1A;</subfield>
    <subfield code="2">   </subfield>
    <subfield code="9">60646</subfield>
  </datafield>
  <datafield tag="710" ind1="2" ind2=" ">
    <subfield code="a">&#xE04;&#xE13;&#xE30;&#xE27;&#xE34;&#xE0A;&#xE32;&#xE01;&#xE32;&#xE23; The Justice Group</subfield>
    <subfield code="9">30086</subfield>
  </datafield>
  <datafield tag="942" ind1=" " ind2=" ">
    <subfield code="c">LB</subfield>
    <subfield code="2">local</subfield>
  </datafield>
  <datafield tag="996" ind1=" " ind2=" ">
    <subfield code="a">jamriang.p</subfield>
    <subfield code="b">CATSTF	</subfield>
    <subfield code="c">2024-03-19</subfield>
  </datafield>
  <datafield tag="999" ind1=" " ind2=" ">
    <subfield code="c">104940</subfield>
    <subfield code="d">104940</subfield>
  </datafield>
  <datafield tag="998" ind1=" " ind2=" ">
    <subfield code="j">104</subfield>
    <subfield code="k"> &#xE19;&#xE32;&#xE07;&#xE2A;&#xE32;&#xE27;&#xE2A;&#xE32;&#xE22;&#xE1D;&#xE19;  &#xE14;&#xE35;&#xE07;&#xE32;&#xE21;</subfield>
  </datafield>
  <datafield tag="952" ind1=" " ind2=" ">
    <subfield code="0">0</subfield>
    <subfield code="1">0</subfield>
    <subfield code="2">local</subfield>
    <subfield code="4">0</subfield>
    <subfield code="7">0</subfield>
    <subfield code="8">CLAW</subfield>
    <subfield code="a">NALT</subfield>
    <subfield code="b">NALT</subfield>
    <subfield code="c">LAW</subfield>
    <subfield code="d">2024-03-14</subfield>
    <subfield code="e">193</subfield>
    <subfield code="l">0</subfield>
    <subfield code="o">KI 22 &#xE01;117 2566</subfield>
    <subfield code="p">3961222833</subfield>
    <subfield code="r">2024-04-22 00:00:00</subfield>
    <subfield code="w">2024-03-14</subfield>
    <subfield code="y">LB</subfield>
  </datafield>
</record>
